| 000 | 00510nam a2200181Ia 4500 | ||
|---|---|---|---|
| 003 | OSt | ||
| 005 | 20260326111025.0 | ||
| 008 | 211028s2008 xx 000 0 und d | ||
| 040 | _cAIMIT LIBRARY | ||
| 041 | _aeng | ||
| 082 | _a658.8 MENE | ||
| 100 |
_aMenezes, Emmanuel Sunny;Wright, Rowena. _g60471315 _95896 |
||
| 245 | _aA study on on-line trading and its growth at ICICI direct.com / | ||
| 260 |
_bWright, Rowena _c2008 |
||
| 600 |
_aMarketing _95897 |
||
| 650 |
_aMarketing _95898 |
||
| 942 |
_2ddc _cPRO |
||
| 999 |
_c218057 _d218057 |
||